Thermodynamics. (Record no. 29261)
[ view plain ]
| 000 -LEADER | |
|---|---|
| fixed length control field | 00511 a2200157 4500 |
| 020 ## - INTERNATIONAL STANDARD BOOK NUMBER | |
| International Standard Book Number | 8183290353 |
| 020 ## - INTERNATIONAL STANDARD BOOK NUMBER | |
| International Standard Book Number | 9788183290357 |
| 082 ## - DEWEY DECIMAL CLASSIFICATION NUMBER | |
| Classification number | 541.369 |
| 100 ## - MAIN ENTRY--PERSONAL NAME | |
| Personal name | Singh, R, K. |
| 245 00 - TITLE STATEMENT | |
| Title | Thermodynamics. |
| Statement of responsibility, etc. | Dr. R. K. Singh |
| 260 ## - PUBLICATION, DISTRIBUTION, ETC. | |
| Place of publication, distribution, etc. | New Delhi |
| Name of publisher, distributor, etc. | Shree Publishers |
| Date of publication, distribution, etc. | 2005. |
| 300 ## - PHYSICAL DESCRIPTION | |
| Extent | 1 v. (unpaged) |
| 700 ## - ADDED ENTRY--PERSONAL NAME | |
| Personal name | Singh, R. K. |
| 942 ## - ADDED ENTRY ELEMENTS (KOHA) | |
| Institution code [OBSOLETE] | SNS |
| Koha item type | Book |
| Call number prefix | 541.369 SIN |
| Withdrawn status | Lost status | Damaged status | Not for loan | Permanent Location | Current Location | Date acquired | Total Checkouts | Full call number | Barcode | Date last seen | Date last checked out | Price effective from | Koha item type |
|---|---|---|---|---|---|---|---|---|---|---|---|---|---|
| School of Natural Sciences (SNS) | School of Natural Sciences (SNS) | 05/26/2016 | 1 | 541.369 SIN | SNS0000783 | 07/08/2017 | 05/06/2017 | 05/26/2016 | Book |
